Forensics analysis of windows 8.1 physical memory / (Record no. 529357)

000 -LEADER
fixed length control field 00479nam a22001577a 4500
020 ## - INTERNATIONAL STANDARD BOOK NUMBER
Qualifying information Hard Cover.
082 ## - DEWEY DECIMAL CLASSIFICATION NUMBER
Classification number 005
100 ## - MAIN ENTRY--PERSONAL NAME
Personal name Ahmed, Waqas
245 ## - TITLE STATEMENT
Title Forensics analysis of windows 8.1 physical memory /
Statement of responsibility, etc. Waqas Ahmed.
260 ## - PUBLICATION, DISTRIBUTION, ETC.
Place of publication, distribution, etc. Islamabad:
Name of publisher, distributor, etc. MCS - NUST,
Date of publication, distribution, etc. 2016.
300 ## - PHYSICAL DESCRIPTION
Extent 107 p.: ill.;
Dimensions 30cm.
942 ## - ADDED ENTRY ELEMENTS (KOHA)
Source of classification or shelving scheme
Koha item type Thesis
650 ## - SUBJECT ADDED ENTRY--TOPICAL TERM
Topical term or geographic name entry element Information Security MS-Thesis.
700 ## - ADDED ENTRY--PERSONAL NAME
Personal name Dr. Baber Aslam
650 ## - SUBJECT ADDED ENTRY--TOPICAL TERM
-- 16348
700 ## - ADDED ENTRY--PERSONAL NAME
-- 16377
Holdings
Withdrawn status Lost status Source of classification or shelving scheme Damaged status Not for loan Permanent Location Current Location Shelving location Date acquired Total Checkouts Full call number Barcode Date last seen Price effective from Koha item type
          Central Library (CL) Central Library (CL) Thesis 09/24/2019   005 CL-T-1495 09/24/2019 09/24/2019 Thesis
          Central Library (CL) Central Library (CL) Thesis 11/09/2020   005 CL-T-910 11/09/2020 11/09/2020 Thesis
© 2023 Central Library, National University of Sciences and Technology. All Rights Reserved.